Guess the origin of the food - Statistics

General Stats
  • This quiz has been taken 115 times
  • The average score is 9 of 16
Answer Stats
Picture Hint Answer % Correct
Pizza Italy
97%
Mochi Japan
89%
Dumplings China
88%
Pho Vietnam
84%
Macaron France
82%
Churros Spain
78%
Poutine Canada
75%
Baklava Turkey
59%
Souvlaki Greece
56%
Hamburger Germany
54%
Bubble tea Taiwan
47%
Pecan Pie United States
45%
Halo halo Philippines
22%
Arepa Colombia
18%
Griot Haiti
9%
Pouding chomeur Canada
7%
No matching quizzes found
Score Distribution
Percent of People with Each Score
Percentile by Number Answered
Your Score History
You have not taken this quiz